Oro y poder mundial: el dólar, la libra y los planes de reforma
Saved in:
| Hovedforfatter: | |
|---|---|
| Format: | Bog |
| Sprog: | spansk |
| Udgivet: |
Buenos Aires
Troquel
1968
|
| Fag: | |
| Tags: |
Tilføj Tag
Ingen Tags, Vær først til at tagge denne postø!
|
MARC
| LEADER | 00000nam a2200000 a 4500 | ||
|---|---|---|---|
| 001 | UCT8905 | ||
| 003 | CL-VaPUC | ||
| 008 | 970326e19680000AG |||||||||||||||||spa|d | ||
| 082 | 0 | 4 | |a 332.46 |b ROL |2 21 |
| 100 | 0 | |a Rolfe, Sidney E |e author |9 381119 | |
| 245 | 1 | 0 | |a Oro y poder mundial: el dólar, la libra y los planes de reforma |
| 300 | |a 278 p | ||
| 942 | |c BK | ||
| 945 | |d 19970326 00:00:00 |a lriquelm | ||
| 260 | |a Buenos Aires |b Troquel |c 1968 | ||
| 650 | 7 | |a ORO |2 CL-VaPUC |9 324927 | |
| 650 | 7 | |a RESERVAS |2 CL-VaPUC |9 362275 | |
| 650 | 0 | |a Moneda |9 342365 | |
| 650 | 0 | |a Política monetaria |9 258279 | |
| 650 | 0 | |a Balanza de pagos |9 316476 | |
| 650 | 0 | |a Análisis económico |9 259939 | |
| 650 | 7 | |a SISTEMA MONETARIO INTERNACIONAL |2 CL-VaPUC |9 322730 | |
| 650 | 7 | |a TEORIAS MONETARIAS |2 CL-VaPUC |9 353610 | |
| 650 | 7 | |a DEFLACION |2 CL-VaPUC |9 379519 | |
| 583 | |a last modification |c 19970326 00:00:00 |k Rodrigo Vera | ||
| 999 | |c 257377 |d 257375 | ||
| 952 | |0 0 |1 0 |4 0 |6 332_460000000000000_ROL_1968 |7 0 |8 A |9 280798 |a BIBDER |b BIBDER |d 2019-11-19 |i 1816004 |o 332.46 ROL 1968 |p 1816004 |r 2023-01-25 |w 2019-11-19 |y BK |k DER | ||